• 首页
  • 本馆介绍
  • 公告通知
  • 最新文献
  • 馆藏检索
  • 电子资源
  • 读者导购
  • 参考咨询
  • 我的图书馆
  • 登录
  • 详细信息显示
  • 放入我的书架
  • 预约/预借图书
  • 作者相关作品
  • 分类相关作品
  • 丛书相关作品
  • 出版社相关作品

书目信息

  • 表格格式
  • 工作单格式
  • 卡片格式
题名:
服务语言艺术
    
 
作者: 殷敏 , 岳梦颖 主编
分册:  
出版信息: 北京   航空工业出版社  2018
页数: 158页
开本: 26cm
丛书名:
单 册:
中图分类: F718
科图分类:
主题词: 商业服务--shang ye fu wu--语言艺术--教材
电子资源:
ISBN: 978-7-5165-1693-5
000 00982nam0 2200277 450
001 012001010186
005 20140101085347.0
010    @a978-7-5165-1693-5@dCNY39.80
099    @aCAL 012019006947
100    @a20181229d2018 em y0chiy50 ea
101 0  @achi
102    @aCN@b110000
105    @aak a 000yy
106    @ar
200 1  @a服务语言艺术@Afu wu yu yan yi shu@f主编殷敏, 岳梦颖
210    @a北京@c航空工业出版社@d2018
215    @a158页@c图@d26cm
320    @a有书目 (第158页)
330    @a本书主要内容包括: 认识服务语言, 服务礼貌语言, 服务语言的应用, 服务忌语, 掌握服务语言艺术的途径。全书内容丰富, 列有大量情景, 对案例的分析深入浅出, 语言生动, 易学易懂。
333    @a服务类专业“十三五”规划教材 “互联网+服务类专业”立体化教材
606 0  @a商业服务@Ashang ye fu wu@x语言艺术@j教材
690    @aF718@v5
701  0 @a殷敏@Ayin min@4主编
701  0 @a岳梦颖@Ayue meng ying@4主编
801  0 @aCN@b上海新华@c20191020
905    @b1135930-3@dF718@e1119@f4
    
    服务语言艺术/主编殷敏, 岳梦颖.-北京:航空工业出版社,2018
    158页:图;26cm
    使用对象:服务类专业“十三五”规划教材 “互联网+服务类专业”立体化教材
    
    ISBN 978-7-5165-1693-5:CNY39.80
    本书主要内容包括: 认识服务语言, 服务礼貌语言, 服务语言的应用, 服务忌语, 掌握服务语言艺术的途径。全书内容丰富, 列有大量情景, 对案例的分析深入浅出, 语言生动, 易学易懂。
●
相关链接 在E读中查询图书 在五车中查询图书 在当当中查询图书 在豆瓣中查询图书


正题名:服务语言艺术     索取号:F718/1119         预约/预借

序号 登录号 条形码 馆藏地/架位号 状态 备注
1 1135930   211359304   第一样本阅览室/ [索取号:F718/1119] 在馆    
2 1135931   211359313   第一借阅区/ [索取号:F718/1119] 在馆    
3 1135932   211359322   第一借阅区/ [索取号:F718/1119] 在馆    
4 1135933   211359331   第一借阅区/ [索取号:F718/1119] 在馆    
唐山师范学院图书馆 欢迎您!
大连网信软件有限公司© 版权所有